1437 1076 1934 1655 1750 1032 1510 1446 1066 1874 1434 1449 1580 1149 1414 1904 1037 1710 1852 1785 1284 1060 1183 1289 1458 1974 1376 1603 1374 1663 1280 1639 1546 1288 1714 2000 1890 1792 1566 1324 1244 1917 1719 1576 1272 1882 1805 1870 1870 1748 1231 1581 1808 1195 1455 1398 1816 1320 1834 1628 1134 1659 1030 1289 1687 1483 1786 1039 1438 1967 1753 1592 1678 1103 1808 1618 1241 1882 1806 1172 1208 1411 1720 1586 1685 1050 1916 1007 1555 1105 1843 1305 1001 1355 1357 1300 1182 1559 1162 BCNSPRNW ULIB Ver.6.0+V

เปลี่ยนเป็นภาษาไทย

Change to English
 แสดงรายละเอียดบรรณานุกรม
  กลับหน้าหลัก

Brief Record : Get Marc (ISO 2709) : E-mail record : QR code < ปิดหน้าต่าง
LEADER : 00000nam 2200000uu 4500
001    13399121085
003     ULIB
008    020711s2551 th a 000 0 tha d
020    9789743837456
050  4 JF1358^bจ234ร
100    จักษ์ พันธ์ชูเพชร
245    รัฐประศาสนศาสตร์/^cจักษ์ พันธ์ชูเพชร
250    พิมพ์ครั้งที่ 2
260     ^bม.ป.ท.,^c2551
945    ^p190^l0^i18146
999    ^aทศพร เกษรทอง
รายการนี้ยังไม่มีแท็ก
คุณยังไม่ได้ล็อกอิน คุณสามารถมีกิจกรรมร่วมกับเว็บไซต์ได้ แต่ต้องล็อกอินก่อน ::
  ล็อกอิน

รายการสื่อสารสนเทศ

ลำดับที่ ประเภท เลขเรียก/บาร์โค้ด สถานที่ สถานะ
1. วิทยาศาสตร์การแพทย์ และสุขภาพ
วิทยาศาสตร์การแพทย์ และสุขภาพ
JF1358 จ234ร  
  Barcode: 18146
ห้องสมุดวิทยาเขตสวรรค์ประชารักษ์
►หนังสือทั่วไป
บนชั้น

BibComment


ยังไม่เคยถูกคอมเมนท์

คอมเมนท์ทรัพยากรรายการนี้
  คอมเมนท์: รัฐประศาสนศาสตร์ ..


 Copyright 2026. Bcnsprnw @Library